Ofimática y proceso de la información (Registro nro. 7607)

Detalles MARC
000 -Cabecera
Campo de control de longitud fija 00947nam a22003377a 4500
005 - Fecha y hora de la última transacción
Campo de control 20250624165434.0
008 - Elementos de longitud fija--Información general
Campo de control de longitud fija 160204b2012 xxu||||| |||| 00| 0 spa d
041 ## - Idioma
Código de idioma Español
082 ## - Clasificación Decimal Dewey
Número de clasificación 005.5 M867o
100 ## - Entrada principal--Autor personal
Nombre personal Moro Vallina, Miguel
245 ## - Título propiamente dicho
Título Ofimática y proceso de la información
260 ## - Pie de imprenta
Lugar de publicación, distribución, etc. España
Nombre del editor, distribuidor, etc. Paraninfo
Fecha de publicación, distribución, etc. 2012
300 ## - Descripción física
Extensión 399 páginas
490 ## - Serie
Título de la Serie Secretariado Ejecutivo
490 ## - Serie
Título de la Serie Tecnologías de la Información
490 ## - Serie
Título de la Serie Dirección y Administración de Empresa
505 ## - Nota de contenido
Nota de contenido Contiene disco compacto N° 728
650 ## - Materia general
Temática (materia general) OFIMÁTICA
650 ## - Materia general
Temática (materia general) ERGONOMÍA
650 ## - Materia general
Temática (materia general) MECANOGRAFÍA
650 ## - Materia general
Temática (materia general) SISTEMAS DE INFORMACIÓN
650 ## - Materia general
Temática (materia general) HOJAS DE CÁLCULO
650 ## - Materia general
Temática (materia general) PROCESADORES DE TEXTO
650 ## - Materia general
Temática (materia general) BASES DE DATOS
650 ## - Materia general
Temática (materia general) CORREO
650 ## - Materia general
Temática (materia general) AGENDA ELECTRÓNICA
650 ## - Materia general
Temática (materia general) PRESENTACIONES GRÁFICAS
650 ## - Materia general
Temática (materia general) CORRESPONDENCIA
650 ## - Materia general
Temática (materia general) ARCHIVOS
942 ## - Punto de acceso adicional KOHA
Tipo de ítem KOHA Libro
Fuente del sistema de clasificación o colocación Dewey Decimal Classification
Existencias
Signatura completa Código de barras Programa Académico Tipo de ítem
005.5 M867o 20369   Libro
005.5 M867o 20370   Libro
005.5 M867o 728ADC   Disco Compacto
005.5 M867o 728BDC   Disco Compacto